Thin Layer Chromatography : Analytical Chemistry By Open Learning (Record no. 75440)

MARC details
000 -LEADER
fixed length control field 00413pam a2200157 a 4500
020 ## - INTERNATIONAL STANDARD BOOK NUMBER
International Standard Book Number 9788126517220
Terms of availability
041 ## - LANGUAGE CODE
Language code of text/sound track or separate title eng
082 ## - DEWEY DECIMAL CLASSIFICATION NUMBER
Classification number 543
Item number HAM
100 ## - MAIN ENTRY--PERSONAL NAME
Personal name Hamilton, R.
245 ## - TITLE STATEMENT
Title Thin Layer Chromatography : Analytical Chemistry By Open Learning
Medium Textual Documents
260 ## - PUBLICATION, DISTRIBUTION, ETC.
Place of publication, distribution, etc. Weinheim
Name of publisher, distributor, etc. John Wiley
Date of publication, distribution, etc. 2008
300 ## - PHYSICAL DESCRIPTION
Extent 129.
653 ## - INDEX TERM--UNCONTROLLED
Uncontrolled term Analytical Chemistry
700 ## - ADDED ENTRY--PERSONAL NAME
Personal name Hamilton, S.
930 ## - EQUIVALENCE OR CROSS-REFERENCE-UNIFORM TITLE HEADING [LOCAL, CANADA]
Uniform title 2155
Holdings
Withdrawn status Lost status Damaged status Not for loan Collection Home library Current library Date acquired Source of acquisition Cost, normal purchase price Total Checkouts Full call number Barcode Date last seen Copy number Price effective from Koha item type
          Poona College of Pharmacy, Pune Poona College of Pharmacy, Pune 03/11/2008 Sai Book Centre 39995.00   543 HAM PCP-MDV-259 24/02/2023 1 24/02/2023 Book